[Event "Nizhnij Novgorod Dubinin Memorial 18th"]
[Site "Nizhnij Novgorod"]
[Date "2011.01.03"]
[Round "?"]
[White "Mylnikova, Olga"]
[Black "Sundukov, Peter"]
[Result "1/2-1/2"]
[WhiteElo "1718"]
[BlackElo "2159"]
[PlyCount "30"]
[EventDate "2011.01.03"]
[EventType "swiss"]
[EventRounds "9"]
[EventCountry "RUS"]
[SourceTitle "EXT 2012"]
[Source "ChessBase"]
[SourceDate "2011.11.24"]
[SourceVersion "1"]
[SourceVersionDate "2011.11.24"]
[SourceQuality "1"]

1. e4 c6 2. d4 d5 3. e5 Bf5 4. Nf3 e6 5. Nbd2 Nd7 6. Be2 Bg6 7. 0-0 Ne7 8. c3 c5 9. c4 cxd4 10. Nxd4 Nxe5 11. cxd5 Nxd5 12. Bb5+ Nd7 13. Qe2 Nc7 14. Ba4 Be7 15. N2f3 0-0 1/2-1/2

[Event "Nizhnij Novgorod Dubinin Memorial 18th"]
[Site "Nizhnij Novgorod"]
[Date "2011.01.03"]
[Round "?"]
[White "Sundukov, Peter"]
[Black "Pristalov, Evgeny"]
[Result "0-1"]
[WhiteElo "2159"]
[BlackElo "2045"]
[PlyCount "30"]
[EventDate "2011.01.03"]
[EventType "swiss"]
[EventRounds "9"]
[EventCountry "RUS"]
[SourceTitle "EXT 2012"]
[Source "ChessBase"]
[SourceDate "2011.11.24"]
[SourceVersion "1"]
[SourceVersionDate "2011.11.24"]
[SourceQuality "1"]

1. d4 Nf6 2. c4 g6 3. Nc3 d5 4. cxd5 Nxd5 5. e4 Nxc3 6. bxc3 Bg7 7. Bc4 c5 8. Ne2 0-0 9. 0-0 Nc6 10. Be3 Bg4 11. f3 cxd4 12. cxd4 Na5 13. Bd3 Be6 14. Rc1 Bxa2 15. Qa4 Be6 0-1

[Event "Nizhnij Novgorod-ch HL"]
[Site "Nizhnij Novgorod"]
[Date "2009.11.14"]
[Round "?"]
[White "Sundukov, Peter"]
[Black "Shendrik, Zhanna"]
[Result "1-0"]
[WhiteElo "2164"]
[BlackElo "2034"]
[PlyCount "69"]
[EventDate "2009.11.14"]
[EventType "swiss"]
[EventRounds "9"]
[EventCountry "RUS"]
[SourceTitle "EXT 2022"]
[Source "ChessBase"]
[SourceDate "2021.10.06"]
[SourceVersion "1"]
[SourceVersionDate "2021.10.06"]
[SourceQuality "1"]

1. e4 c5 2. Nf3 e6 3. Nc3 a6 4. g3 b5 5. Bg2 Bb7 6. d3 d6 7. 0-0 Nf6 8. Ng5 Qc7 9. f4 b4 10. Nb1 Nc6 11. c3 h6 12. Nh3 Be7 13. Nf2 0-0 14. Nd2 Rad8 15. Nf3 d5 16. e5 Nh7 17. Qe2 a5 18. d4 Ra8 19. Be3 c4 20. g4 a4 21. a3 bxa3 22. bxa3 Na5 23. f5 Ng5 24. Nxg5 hxg5 25. Nh3 f6 26. exf6 gxf6 27. fxe6 Nb3 28. Ra2 Qd6 29. Bf2 Ra6 30. Re1 Bc8 31. Bg3 Qd8 32. Qc2 Bxe6 33. Qg6+ Kh8 34. Rae2 Qc8 35. Nxg5 1-0

[Event "Nizhnij Novgorod-ch 61st"]
[Site "Nizhnij Novgorod"]
[Date "2009.03.??"]
[Round "?"]
[White "Chunakov, Valery"]
[Black "Sundukov, Peter"]
[Result "0-1"]
[WhiteElo "1866"]
[BlackElo "2193"]
[PlyCount "80"]
[EventDate "2009.03.06"]
[EventType "swiss"]
[EventRounds "9"]
[EventCountry "RUS"]
[SourceTitle "EXT 2010"]
[Source "ChessBase"]
[SourceDate "2010.11.25"]
[SourceVersion "1"]
[SourceVersionDate "2010.11.25"]
[SourceQuality "1"]

1. e4 c6 2. Nc3 d5 3. e5 c5 4. Bb5+ Nc6 5. Bxc6+ bxc6 6. d3 g6 7. Bg5 Bg7 8. f4 f6 9. exf6 exf6 10. Qe2+ Ne7 11. Bh4 0-0 12. Nf3 Nf5 13. 0-0 Qd6 14. Bf2 Ba6 15. Qd2 Rfe8 16. Rae1 Bh6 17. g3 Bf8 18. g4 Ng7 19. Bg3 Rad8 20. f5 Qd7 21. fxg6 hxg6 22. Nh4 Qxg4 23. Rxf6 Qd4+ 24. Rf2 Rxe1+ 25. Qxe1 Re8 26. Qd2 Re6 27. Qf4 Qxf4 28. Bxf4 Nh5 29. Bb8 Bg7 30. Re2 Bd4+ 31. Kf1 Rf6+ 32. Ke1 c4 33. Kd2 cxd3 34. cxd3 g5 35. Be5 Bxe5 36. Rxe5 gxh4 37. Rxh5 Rf2+ 38. Ne2 Rxh2 39. a4 Bc8 40. Ke3 Rxe2+ 0-1

[Event "Nizhnij Novgorod-ch 61st"]
[Site "Nizhnij Novgorod"]
[Date "2009.03.??"]
[Round "?"]
[White "Smirnova, Anastasia"]
[Black "Sundukov, Peter"]
[Result "1/2-1/2"]
[WhiteElo "1948"]
[BlackElo "2193"]
[PlyCount "80"]
[EventDate "2009.03.06"]
[EventType "swiss"]
[EventRounds "9"]
[EventCountry "RUS"]
[SourceTitle "EXT 2010"]
[Source "ChessBase"]
[SourceDate "2010.11.25"]
[SourceVersion "1"]
[SourceVersionDate "2010.11.25"]
[SourceQuality "1"]

1. d4 Nf6 2. Nf3 g6 3. c4 Bg7 4. Nc3 0-0 5. e4 d6 6. Be2 e5 7. 0-0 Nc6 8. d5 Ne7 9. Ne1 c5 10. Bd2 Ne8 11. f3 f5 12. g4 Kh8 13. Ng2 Ng8 14. h3 Bh6 15. Bxh6 Nxh6 16. exf5 gxf5 17. Qd2 Nf7 18. Kh2 Ng7 19. Rg1 Bd7 20. Raf1 Qe7 21. Ne3 Rae8 22. Bd1 Qh4 23. Ng2 Qe7 24. Ne3 Rg8 25. Bc2 Qf6 26. Bxf5 Nxf5 27. Ne4 Qh6 28. Nxf5 Qxd2+ 29. Nxd2 Bxf5 30. gxf5 Rb8 31. b3 b5 32. Rxg8+ Kxg8 33. Rg1+ Kf8 34. Ne4 bxc4 35. bxc4 Rb4 36. a3 Rb3 37. Kg3 a5 38. Rc1 Ke7 39. Kg4 Nh6+ 40. Kg5 Nf7+ 1/2-1/2

[Event "Nizhnij Novgorod Region-ch op"]
[Site "Nizhnij Novgorod"]
[Date "2008.10.??"]
[Round "5"]
[White "Kuporosov, Viktor"]
[Black "Sundukov, Peter"]
[Result "1-0"]
[WhiteElo "2435"]
[BlackElo "2173"]
[PlyCount "107"]
[EventDate "2008.10.04"]
[EventType "swiss"]
[EventRounds "9"]
[EventCountry "RUS"]
[SourceTitle "EXT 2022"]
[Source "ChessBase"]
[SourceDate "2021.10.06"]
[SourceVersion "1"]
[SourceVersionDate "2021.10.06"]
[SourceQuality "1"]

1. g3 d5 2. Nf3 Nf6 3. Bg2 c5 4. d4 cxd4 5. 0-0 Nc6 6. Nxd4 e6 7. c4 Be7 8. Nc3 0-0 9. cxd5 Nxd5 10. Nxd5 exd5 11. Be3 Bf6 12. Rc1 Nxd4 13. Bxd4 Bxd4 14. Qxd4 Be6 15. Rfd1 Qb6 16. Qxb6 axb6 17. Bxd5 Bxd5 18. Rxd5 Rxa2 19. Rb5 f6 20. Rxb6 Ra7 21. Rc7 Rf7 22. Rc8+ Rf8 23. Rc5 Rf7 24. Kg2 Rd7 25. Rcb5 Kf7 26. g4 Ke7 27. h4 h6 28. Kg3 Kd8 29. g5 hxg5 30. hxg5 fxg5 31. Rxg5 Ra4 32. Rgb5 Re4 33. e3 Ree7 34. Rb4 Kc8 35. Rg4 Kd8 36. Rbb4 Ke8 37. Rge4 Rxe4 38. Rxe4+ Kf7 39. Rb4 Ke6 40. f4 Rf7 41. e4 Kd6 42. Rb5 Kc6 43. Rd5 b5 44. b4 Ra7 45. Rc5+ Kb6 46. Rg5 Ra4 47. Rg6+ Kc7 48. Rxg7+ Kc6 49. Rg6+ Kc7 50. f5 Rxb4 51. Kf4 Rc4 52. f6 Kd7 53. Kf5 Rc5+ 54. e5 1-0

[Event "Nizhnij Novgorod-ch 60th"]
[Site "Nizhnij Novgorod"]
[Date "2008.03.??"]
[Round "?"]
[White "Jevtushenko, VV."]
[Black "Sundukov, Peter"]
[Result "0-1"]
[WhiteElo "2020"]
[BlackElo "2184"]
[PlyCount "72"]
[EventDate "2008.03.??"]
[EventType "swiss"]
[EventRounds "9"]
[EventCountry "RUS"]
[SourceTitle "EXT 2010"]
[Source "ChessBase"]
[SourceDate "2010.11.25"]
[SourceVersion "1"]
[SourceVersionDate "2010.11.25"]
[SourceQuality "1"]

1. d4 Nf6 2. c4 g6 3. Nc3 Bg7 4. Nf3 0-0 5. e3 d6 6. Be2 Nbd7 7. 0-0 e5 8. Qc2 c6 9. b3 Re8 10. Bb2 Qc7 11. Bd3 Nf8 12. b4 Bg4 13. dxe5 dxe5 14. Be2 Rad8 15. Rad1 a5 16. a3 axb4 17. axb4 N6d7 18. h3 Bxf3 19. Bxf3 f5 20. b5 e4 21. Be2 Ne6 22. bxc6 bxc6 23. Na4 Ndc5 24. Bxg7 Qxg7 25. Rxd8 Rxd8 26. Nxc5 Nxc5 27. Rd1 Rxd1+ 28. Qxd1 Qd7 29. Qxd7 Nxd7 30. f3 Kf7 31. fxe4 fxe4 32. Bd1 Ke6 33. Kf1 Nf6 34. Ke1 g5 35. h4 h6 36. hxg5 hxg5 0-1

[Event "Nizhnij Novgorod-ch 60th"]
[Site "Nizhnij Novgorod"]
[Date "2008.03.??"]
[Round "?"]
[White "Markelova, Lubov"]
[Black "Sundukov, Peter"]
[Result "0-1"]
[WhiteElo "1989"]
[BlackElo "2184"]
[PlyCount "92"]
[EventDate "2008.03.??"]
[EventType "swiss"]
[EventRounds "9"]
[EventCountry "RUS"]
[SourceTitle "EXT 2010"]
[Source "ChessBase"]
[SourceDate "2010.11.25"]
[SourceVersion "1"]
[SourceVersionDate "2010.11.25"]
[SourceQuality "1"]

1. d4 Nf6 2. c4 d6 3. Nc3 g6 4. e4 Bg7 5. Nf3 0-0 6. Be2 e5 7. 0-0 Nc6 8. d5 Ne7 9. Nd2 c5 10. Rb1 Ne8 11. b4 b6 12. a4 f5 13. a5 f4 14. Na4 g5 15. Bb2 Ng6 16. Bc3 Nh4 17. axb6 axb6 18. bxc5 bxc5 19. Nb6 Ra6 20. Nxc8 Qxc8 21. Bg4 Qd8 22. Qb3 Nf6 23. Be6+ Kh8 24. f3 h5 25. Qb7 Ra3 26. Qb2 Ra8 27. Qb6 Qe7 28. Qc6 Ra7 29. Rb6 Ra3 30. Rb7 Qd8 31. Nb3 g4 32. Be1 Ng6 33. Ba5 Rxa5 34. Nxa5 Qxa5 35. Qxd6 Qa3 36. Bf5 Qe3+ 37. Kh1 Qe2 38. Rfb1 gxf3 39. gxf3 Nh4 40. R7b2 Qxf3+ 41. Kg1 Qe3+ 42. Kh1 Nxe4 43. Bxe4 Qxe4+ 44. Kg1 Qe3+ 45. Kh1 Qf3+ 46. Kg1 Rg8 0-1

[Event "Nizhnij Novgorod Region-ch"]
[Site "Nizhnij Novgorod"]
[Date "2007.10.??"]
[Round "?"]
[White "Mandrikov, Sergey"]
[Black "Sundukov, Peter"]
[Result "0-1"]
[WhiteElo "2031"]
[BlackElo "2182"]
[PlyCount "80"]
[EventDate "2007.10.??"]
[EventType "swiss"]
[EventRounds "9"]
[EventCountry "RUS"]
[SourceTitle "EXT 2009"]
[Source "ChessBase"]
[SourceDate "2008.11.26"]
[SourceVersion "1"]
[SourceVersionDate "2008.11.26"]
[SourceQuality "1"]

1. e4 c6 2. d4 d5 3. Nc3 dxe4 4. Nxe4 Nf6 5. Nxf6+ gxf6 6. Nf3 Bg4 7. c3 e6 8. g3 h5 9. h4 c5 10. Bg2 cxd4 11. Qa4+ Nd7 12. Nxd4 e5 13. Nc2 Rb8 14. Be3 a6 15. f3 Be6 16. 0-0 Qc8 17. Nb4 Bc5 18. Rfe1 0-0 19. Kh1 Bxe3 20. Rxe3 Nc5 21. Qd1 Rd8 22. Qf1 Rd2 23. f4 a5 24. f5 axb4 25. fxe6 Qxe6 26. cxb4 Na6 27. Rf3 Kg7 28. Rd1 Rbd8 29. Rxd2 Rxd2 30. Rf5 Nxb4 31. Rxh5 Qg4 32. Qf5 Qxf5 33. Rxf5 Rxb2 34. Bxb7 Nxa2 35. Bf3 Nc3 36. h5 e4 37. h6+ Kxh6 38. Rxf6+ Kg7 39. Rc6 exf3 40. Rxc3 Rb1+ 0-1

[Event "Nizhnij Novgorod Region-ch"]
[Site "Nizhnij Novgorod"]
[Date "2007.10.??"]
[Round "?"]
[White "Sundukov, Peter"]
[Black "Dragunov, Sergey"]
[Result "0-1"]
[WhiteElo "2182"]
[BlackElo "2251"]
[PlyCount "78"]
[EventDate "2007.10.??"]
[EventType "swiss"]
[EventRounds "9"]
[EventCountry "RUS"]
[SourceTitle "EXT 2009"]
[Source "ChessBase"]
[SourceDate "2008.11.26"]
[SourceVersion "1"]
[SourceVersionDate "2008.11.26"]
[SourceQuality "1"]

1. d4 Nf6 2. c4 g6 3. Nc3 Bg7 4. e4 d6 5. Nf3 0-0 6. Be2 e5 7. 0-0 Nc6 8. d5 Ne7 9. Nd2 Ne8 10. b4 f5 11. a4 Nf6 12. Ba3 Bh6 13. Bf3 Bxd2 14. Qxd2 f4 15. Rfc1 g5 16. g3 Ng6 17. c5 g4 18. Bg2 Rf7 19. cxd6 cxd6 20. Rc2 h5 21. Rac1 h4 22. Nb5 Ne8 23. Nxa7 Bd7 24. Nc6 Qg5 25. Na5 Qh5 26. Bf1 Bxa4 27. Rc8 Rxc8 28. Rxc8 hxg3 29. fxg3 fxg3 30. hxg3 Rxf1+ 31. Kxf1 Qh1+ 32. Ke2 Qf3+ 33. Ke1 Qxg3+ 34. Kf1 Bb5+ 35. Nc4 Nf4 36. Bc1 Qf3+ 37. Qf2 Qd1+ 38. Qe1 Bxc4+ 39. Rxc4 Qd3+ 0-1